ბათუმის შოთა რუსთაველის სახელმწიფო უნივერსიტეტის ბიბლიოთეკა

ბეტონისა და რკინა-ბეტონის სამუშაოთა ტექნოლოგია : (ბიბ.ჩანაწერი № 38868)

000 -ლიდერი
ფიქსირებული სიგრძის საკონტროლო ველი 01008nam a2200217Ia 4500
001 - საკონტროლო ნომერი
საკონტროლო ველი 5281
003 - საკონტროლო ნომრის იდენტიფიკატორი
საკონტროლო ველი GE_BSU
005 - ბოლო ოპერაციის თარიღი და დრო
საკონტროლო ველი 20190516154641.0
008 - ფიქსირებული სიგრძის მონაცემთა ელემენტები - ზოგადი ინფორმაცია
ფიქსირებული სიგრძის საკონტროლო ველი 181216s1972||||ge |||||||||||||| ||geo||
040 ## - კატალოგიზაციის წყარო
Transcribing agency GE_BSU
041 ## - ენის კოდი
Language code of text/sound track or separate title geo
080 ## - უნივერსალური ათობითი კლასიფიკაციის ინდექსი
Universal Decimal Classification number 666.9 + 693.5(075) ა-65
100 ## - მთავარი ჩანაწერი - პიროვნების სახელი
Personal name ანდღულაძე, ქ.
9 (RLIN) 1242
245 ## - ცნობა სათაურის შესახებ
Title ბეტონისა და რკინა-ბეტონის სამუშაოთა ტექნოლოგია :
Remainder of title სახელმძღვ. /
Statement of responsibility, etc ქ. ანდღულაძე, დ. კოკოშვილი ; რედ. ზ.ჯიბლაძე.
264 ## - წარმოების, გამოცემის, დისტრიბუციის და სხვა ცნობები
გამოცემის, წარმოების, დისტრიბუციის... ადგილი თბილისი :
გამოცემის, წარმოების, დისტრიბუციის... სახელწოდება განათლება,
გამოცემის, წარმოების, დისტრიბუციის... თარიღი 1972.
300 ## - ფიზიკური აღწერა
Extent 156 გვ. :
Other physical details ილ. ;
Dimensions 22 სმ.
504 ## - BIBLIOGRAPHY, ETC. NOTE
Bibliography, etc ბიბლიოგრ. : გვ.153.
653 ## - INDEX TERM--UNCONTROLLED
Uncontrolled term ბეტონისა და რკინა-ბეტონის ტექნოლოგია
700 ## - ADDED ENTRY--PERSONAL NAME
Personal name კოკოშვილი, დ.
Relator term ავტორი
9 (RLIN) 1243
942 ## - ADDED ENTRY ELEMENTS (KOHA)
Koha item type წიგნი
Source of classification or shelving scheme
ეგზემპლარები
ჩამოწერის სტატუსი დაკარგული ეგზემპლარის სტატუსი კლასიფიკაციის წყარო ან თაროზე გაწყობის სქემა დაზიანების სტატუსი არ გაიცემა მუდმივი მდებარეობა (დაცვის ადგილი) ამჟამინდელი ადგილსამყოფელი თაროზე განთავსების ადგილი შეძენის თარიღი ღირებულება, შესყიდვის ნორმალური ფასი სრული შენახვის შიფრი შტრიხკოდი ბოლო ოპერაციის თარიღი ეგზემპლარის მიმდევრობითი ნომერი (კეტერი?) ფასის ძალაში შესვლის თარიღი ეგზემპლარის სახეობა საჯარო შენიშვნა
          ტექნოლოგიური ფაკულტეტის ბიბლიოთეკა ტექნოლოგიური ფაკულტეტის ბიბლიოთეკა წიგნსაცავი 2018-12-17 1.02 666.9 + 693.5(075) ა-65 11877 2018-12-17 11877 2018-12-17 წიგნი 1.02 ლ.
          ტექნოლოგიური ფაკულტეტის ბიბლიოთეკა ტექნოლოგიური ფაკულტეტის ბიბლიოთეკა წიგნსაცავი 2018-12-17 1.02 666.9 + 693.5(075) ა-65 11878 2018-12-17 11879 2018-12-17 წიგნი 1.02 ლ.
          ტექნოლოგიური ფაკულტეტის ბიბლიოთეკა ტექნოლოგიური ფაკულტეტის ბიბლიოთეკა წიგნსაცავი 2018-12-17 1.02 666.9 + 693.5(075) ა-65 11879 2018-12-17 11879 2018-12-17 წიგნი 1.02 ლ.
          ტექნოლოგიური ფაკულტეტის ბიბლიოთეკა ტექნოლოგიური ფაკულტეტის ბიბლიოთეკა წიგნსაცავი 2018-12-17 1.02 666.9 + 693.5(075) ა-65 11880 2018-12-17 11880 2018-12-17 წიგნი 1.02 ლ.
          ტექნოლოგიური ფაკულტეტის ბიბლიოთეკა ტექნოლოგიური ფაკულტეტის ბიბლიოთეკა წიგნსაცავი 2018-12-17 1.02 666.9 + 693.5(075) ა-65 11881 2018-12-17 11881 2018-12-17 წიგნი 1.02 ლ.